00340 2200145 4500001002100000005001500021035002000036245005300056100001500109300001200124260002400136082000800160084001400168990001200182INLIS00000000000208920250527095750 a0010-05250003811 aKamus Kimia Bergambar /cDra. Agustiar T., M.Si.0 aAgustiar T a126 hlm aJakarta :bErlangga a540 a540 AGU k a0713118